International Trade Law

Detalles Bibliográficos
Autor principal: Johnson, Jon R.
Formato: eBook
Lenguaje:inglés
Publicado: Toronto: Irwin Law Inc., 1998
Materias:
Acceso en línea:Acceso restringido

MARC

LEADER 00000nam a22000007a 4500
005 20210901225923.0
007 cr|||| ||||
008 210901s1998 ca |||||s|||| 00||0 eng d
020 |a 9781459314368 
035 |a 35340 
040 |a vLex 
090 |c 12202  |d 12202 
100 1 |a Johnson, Jon R. 
245 1 0 |a International Trade Law  |h [Recurso electrn̤ico] /  |c Jon R. Johnson 
256 |a Servicio en ln̕ea 
260 |a Toronto:  |b Irwin Law Inc.,  |c 1998 
300 |a 1 recurso electrn̤ico 
500 |a This book is a comprehensive introduction to international trade law, written by one of Canada’s leading practitioners in the field. The book describes the principles that underpin the international trading system, and the evolving jurisprudence under the World Trade Organization that is providing ever-increasing definition of the international rules to which Canadian laws must conform. The author provides a detailed analysis of each of the trade agreements, such as NAFTA, to which Canada is a party; he describes how these agreements are interrelated and how they affect Canadian domestic law. 
506 1 |a Disponible solo en los productos indicados  |d vLex Global  |d vLex Global (Academic Edition, excluding Law Schools)  |d vLex Global (U.S. Academic Edition, Law Schools)  |d vLex Global (U.S. Academic Edition, excluding Law Schools)  |d vLex Global (Academic Edition, Law Schools) 
650 0 4 |a Derecho Internacional  |z Canad̀ 
740 0 |a vLex Libros (Servicio en ln̕ea) 
856 4 0 |u https://app.vlex.com/#/sources/35340  |z Acceso restringido 
942 |c BOOK 
999 0 |a International right